| 000 | 01139cam a2200325 i 4500 | ||
|---|---|---|---|
| 003 | DO-SdBNP | ||
| 005 | 20231010152959.0 | ||
| 007 | ta | ||
| 008 | 751003s2017 sp 000 f spa d | ||
| 020 | _a9788416776955 | ||
| 040 |
_aDO-SdBNP _bspa _cBNPHU _erda |
||
| 082 | 4 |
_a821.134 _bU54 _222 |
|
| 100 |
_aUnamuno, Miguel de, _d1864-1936 _96254 |
||
| 245 | 1 | 0 |
_aA la juventud hispana / _cMiguel de Unamuno ; estudio y edición Giulia Giorgi |
| 264 | 1 |
_a[Cordoba], España : _bAlmuzara, _c2017. |
|
| 300 |
_a125 páginas _c22 cm. |
||
| 336 |
_2rdacontent _atexto _btxt |
||
| 337 |
_2rdamedia _asin mediación _bn |
||
| 338 |
_2rdacarrier _avolumen _bnc |
||
| 490 | 1 | _aBibliófilos de la amistad : textos raros y curiosos | |
| 500 | _aIncluye datos biográficos del autor y el editor en la solapa de la portada. | ||
| 500 | _aIncluye notas a pie de páginas. | ||
| 504 | _aBibliografía p: 123-125 | ||
| 590 | _aInventariado, 2023/ YL | ||
| 600 | 1 | 7 |
_aUnamuno, Miguel de _d 1864-1936 _96254 |
| 650 | 4 |
_aCristianismo y filosofía _984446 |
|
| 700 | 1 |
_aGiorgi, Giulia _eedición _984436 |
|
| 910 | _aYlockward | ||
| 942 |
_2ddc _cLBS1 |
||
| 999 |
_c55141 _d55141 |
||